| 000 -LEADER |
| fixed length control field |
00706nam a22001217a 4500 |
| 040 ## - CATALOGING SOURCE |
| Transcribing agency |
RUA |
| 100 ## - MAIN ENTRY--AUTHOR NAME |
| Personal name |
TAING SOPHAL. តាំង សុផល |
| 245 ## - TITLE STATEMENT |
| Title |
STUDY ON THE TECHNOLOGY ADAPTATION AND FARMER INCOME FROM VEGETABLE PRODUCTION IN BATTAMBANG PROVINCE. សិក្សាពីការបន្សុាំបច្ចេកវិទ្យានិងប្រាក់ចំណូលរបស់កសិករពីផលិតកម្មដំណាំបន្លែនៅខេត្តបាត់ដំបង |
| 260 ## - PUBLICATION, DISTRIBUTION, ETC. (IMPRINT) |
| Place of publication |
Phnom Penh |
| Name of publisher |
RUA |
| Year of publication |
2020 |
| 300 ## - PHYSICAL DESCRIPTION |
| Number of Pages |
XI.39P |
| Other physical details |
IX. |
| Dimensions |
29CM |
| 856 ## - ELECTRONIC LOCATION AND ACCESS |
| Uniform Resource Identifier |
https://drive.google.com/file/d/1Q_0bRH3RSGFA6UNS9HFB4iCGefMzTapb/view?usp=sharing |
| 942 ## - ADDED ENTRY ELEMENTS (KOHA) |
| Koha item type |
MNR |
| 952 ## - LOCATION AND ITEM INFORMATION (KOHA) |
| Withdrawn status [LOCAL, KOHA] |
0 |
| 952 ## - LOCATION AND ITEM INFORMATION (KOHA) |
| Withdrawn status [LOCAL, KOHA] |
0 |